Internal communication and management theory and praxis communication centered management / Ulrike Buchholz and Susanne Knorre. (Record no. 22685)

000 -LEADER
fixed length control field 00633nam a22001577a 4500
020 ## - INTERNATIONAL STANDARD BOOK NUMBER
ISBN 9783658386146
082 ## - DEWEY DECIMAL CLASSIFICATION NUMBER
Classification number 658.45
Item number B9195 2023
100 ## - MAIN ENTRY--AUTHOR NAME
Personal name Buchholz, Ulrike, author.
245 ## - TITLE STATEMENT
Title Internal communication and management theory and praxis communication centered management / Ulrike Buchholz and Susanne Knorre.
260 ## - PUBLICATION, DISTRIBUTION, ETC. (IMPRINT)
Place of publication Wiesbaden, Germany :
Name of publisher Springer
Year of publication ©2023
300 ## - PHYSICAL DESCRIPTION
Number of Pages 1 online resource, xvi, approximately 300-350 pages.
Other physical details Illustrations.
500 ## - GENERAL NOTE
General note Includes bibliographical reference and index.
650 ## - SUBJECT ADDED ENTRY--TOPICAL TERM
Topical Term Internal communication -- Management theory
700 ## - ADDED ENTRY--PERSONAL NAME
Personal name Knorre,Susanne, author.
942 ## - ADDED ENTRY ELEMENTS (KOHA)
Koha item type Electronic Books
Holdings
Source of acquisition Permanent Location Date acquired Collection code Koha item type Lost status Shelving location Withdrawn status Current Location Full call number
DonationCagayan State University - Carig Library2026-04-17E-BooksElectronic Books E-Resource Section Cagayan State University - Carig Library658.45 B9195 2023

Cagayan State University University Library, Carig Campus
Tuguegarao City, Cagayan 3500 | www.csucarig.edu.ph

Powered by Koha